| 000 | 00459nam a2200193Ia 4500 | ||
|---|---|---|---|
| 008 | 180207s9999 xx 000 0 und d | ||
| 020 | _a9780545605045 | ||
| 050 | _bL668 2014 | ||
| 100 | _aLevy, Joel | ||
| 245 | _aFutureworld : | ||
| 245 | _btomorrow's technology today / | ||
| 245 | _cJoel Levy. | ||
| 260 | _aNew York : | ||
| 260 | _bScholastic, | ||
| 260 | _c2014 | ||
| 300 | _a80 pages : | ||
| 300 | _bcolor illustration ; | ||
| 300 | _c30cm. | ||
| 999 |
_c355409 _d355409 |
||